Estatísticas para País por filme, série, música ou obra.

Clique aqui para jogar o quiz

Estatísticas Gerais

  • Esse quiz foi jogado 271 vezes
  • A pontuação média é 20 de 30

Estatísticas das Respostas

HintResposta% Correto
California Dreamin' (música)Estados Unidos
98%
Cidade de Deus (filme)Brasil
96%
Pokemón (vídeo game)Japão
95%
O Fabuloso Destino de Amélie Poulain (filme)França
94%
Harry Potter (livro)Reino Unido
91%
Squid Game/Round 6 (série)Coréia do Sul
89%
Monalisa (pintura)Itália
88%
Just Don´t Tell my Mom I´m in Chechenya (música)Rússia
87%
O Capital (livro)Alemanha
85%
A Persistencia da Memória (pintura)Espanha
84%
Autorretrato Com Colar de Espinhos e Beija-flor (pintura)México
82%
O Conto da Aia/ The Handmaid´s Tale (livro)Canadá
81%
Narcos (série)Colômbia
80%
Noite Estrelada (pintura)Holanda
80%
Amor a Flor da Pele (filme)China
76%
Mad Max (filme)Austrália
74%
RRR (fiilme)Índia
70%
Gdzie jest biały węgorz ? Zejście (música/meme)Polônia
65%
O Grito (pintura)Noruega
62%
Papaoutai (música)Bélgica
58%
I Am Malala (livro)Paquistão
58%
Royals (música)Nova Zelândia
56%
O Milagre na Cela 7 (filme)Turquia
56%
Three Little Birds (música)Jamaica
49%
Garota de Fora (série)Tailândia
44%
Americanah (livro)Nigéria
36%
Rafiki (filme)Quênia
19%
Who Killed Captain Alex? (filme/meme)Uganda
15%
How Let the Dogs Out (música)Bahamas
14%
Sudno/Судно (música)Bielorússia
14%

Distribuição das Pontuações

Percentil de Números Respondidos

Porcentagem de Pessoas com Cada Pontuação

Sua Pontuação Histórica

Você não jogou esse quiz